| 000 | 00715nam a2200241 i 4500 | ||
|---|---|---|---|
| 001 | 16486 | ||
| 003 | ES-MaACL | ||
| 005 | 20240224063055.0 | ||
| 007 | t| | ||
| 008 | 001002s1996 sp ||||1| spa d | ||
| 020 | _a84-493-0242-0 | ||
| 080 | _a316.343.652:32 | ||
| 100 | 0 |
_aSaid, Edward W., _d1935-2003 _9101485 |
|
| 245 | 1 | 0 |
_aRepresentaciones del intelectual / _cEdward W. Said. |
| 250 | _a1ª ed. | ||
| 260 |
_aBarcelona : _bPaidós, _c1996. |
||
| 300 |
_a125 p. ; _c20 cm. |
||
| 490 | 1 |
_aPaidós studio ; _v113 |
|
| 650 | 4 |
_aIntelectuales- _xActividad política. _913849 |
|
| 830 | 0 |
_aPaidós studio ; _v113 _9178141 |
|
| 852 |
_aES-MaACL _jL-23792 _bR.128697 |
||
| 999 |
_c16486 _d16486 |
||